| 000 | 01048nam a2200277Ia 4500 | ||
|---|---|---|---|
| 003 | OSt | ||
| 005 | 20221005105756.0 | ||
| 006 | a|||||r|||| 00| 0 | ||
| 007 | ta | ||
| 008 | 221004b |||||||| |||| 00| 0 hin d | ||
| 020 | _c25 | ||
| 024 | _a13693 | ||
| 037 |
_b1136, 20/03/2014, Anamika Publishers & Distributors Pvt. Ltd. _cTextual |
||
| 040 |
_aCRL _cCRL _bhin |
||
| 041 |
_2hin _ahin |
||
| 082 | _aO113,3M811,V1, 152P7 | ||
| 100 | _aजि़्वग, स्टीफ़न | ||
| 245 | 0 | _aविराट | |
| 246 | _aVirāṭa | ||
| 260 |
_aनई दिल्ली _bसस्ता साहित्य मण्डल प्रकाशन भारत _c2007 |
||
| 300 |
_a120पृ0 _ccm. |
||
| 650 | _aहिन्दी साहित्य | ||
| 700 | _a जैन, यशपाल | ||
| 942 |
_hO113,3M811,V1, 152P7 _cTEXL _2cc |
||
| 999 |
_c1016868 _d1016868 |
||